[Event "GER-ch Net blitz qual1"]
[Site "Playchess.com INT"]
[Date "2021.04.24"]
[Round "5"]
[White "Hansen, Jonas"]
[Black "Schnur, Edmund"]
[Result "0-1"]
[WhiteElo "1620"]
[BlackElo "1867"]
[PlyCount "90"]
[EventDate "2021.04.24"]
[EventType "swiss (blitz)"]
[EventRounds "11"]
[EventCountry "GER"]
[SourceTitle "CBM 202 Extra"]
[Source "ChessBase"]
[SourceDate "2021.07.31"]
[SourceVersion "1"]
[SourceVersionDate "2021.07.31"]
[SourceQuality "1"]

1. e4 Nf6 2. Nc3 e5 3. Bc4 Nc6 4. Nf3 Nxe4 5. Nxe4 d5 6. Bb5 dxe4 7. Nxe5 Qd5 8. Bxc6+ bxc6 9. d4 c5 10. Qe2 cxd4 11. Bf4 Bb4+ 12. Kd1 0-0 13. a3 Bd6 14. f3 Bxe5 15. Bxe5 Qxe5 16. fxe4 Re8 17. Re1 Bb7 18. c3 dxc3 19. bxc3 Qxc3 20. Qc2 Rad8+ 21. Kc1 Qxa1+ 22. Qb1 Qxa3+ 23. Qb2 Qc5+ 24. Kb1 Rxe4 25. Rxe4 Bxe4+ 26. Ka2 Qa5+ 27. Kb3 Rd3+ 28. Kc4 Qd5+ 29. Kb4 Qd4+ 30. Qxd4 Rxd4+ 31. Kc3 c5 32. Kb3 a5 33. g4 Bd5+ 34. Kc3 a4 35. Kb2 Rb4+ 36. Ka3 Rxg4 37. h4 Bb3 38. Kb2 Rg2+ 39. Kc3 Rc2+ 40. Kd3 a3 41. Ke3 a2 42. h5 a1Q 43. h6 Qe5+ 44. Kd3 Rc3+ 45. Kd2 Qe3# 0-1